| 000 | 01013mam a2200289 4500 | ||
|---|---|---|---|
| 001 | 44633 | ||
| 003 | BD-RjUL | ||
| 005 | 20211209053907.0 | ||
| 008 | 180716s1962 ctu b 001 0 eng | ||
| 035 | _a(OCoLC)ocm03335382 | ||
| 035 | _a(BD-RjUL) | ||
| 035 | _a(NNC)2401806 | ||
| 040 |
_aDLC _cIAR _dIAR _dOCL _dSER _dOCL _dUKM _dUBA _dBD-RjUL _beng |
||
| 041 | _aeng | ||
| 082 | 0 | 0 |
_a347.9973 _223 _bROS 1962 |
| 100 | 1 |
_aRostow, Eugene V. _q(Eugene Victor), _d1913-2002. _9136916 |
|
| 245 | 1 | 4 |
_aThe sovereign prerogative : _bthe Supreme Court and the quest for law / _cEugene V. Rostow, |
| 260 |
_aNew Haven : _bYale University Press, _c1962. |
||
| 300 |
_a318 p. ; _c22 cm. |
||
| 504 | _aIncludes bibliographical references. | ||
| 610 | 1 | 0 |
_aUnited States. _bSupreme Court. _9125706 |
| 650 | 0 |
_aJudicial review _zUnited States. _9125707 |
|
| 650 | 7 |
_aPoder Judiciario (Direito Constitucional) _2larpcal _9136917 |
|
| 740 | 4 | _aThe Supreme Court and the quest for law. | |
| 942 |
_2ddc _cBK |
||
| 999 |
_c44633 _d44633 |
||